| 000 | 00604nam a22002417a 4500 | ||
|---|---|---|---|
| 005 | 20250207152352.0 | ||
| 008 | 220315b2006 xxu||||| |||| 00| 0 spa d | ||
| 020 | _a8425424577 | ||
| 041 | _aESP | ||
| 082 | _aR 363.256.5 V794d | ||
| 100 | _aViñals Carrera, Francisco | ||
| 100 | _aPuente Balsells, María Luz | ||
| 245 | _aDiccionario jurídico - pericial del documento escrito | ||
| 260 | _aEspaña | ||
| 260 | _bHerder | ||
| 260 | _c2006 | ||
| 300 | _a706 páginas | ||
| 650 | _aDICCIONARIOS | ||
| 650 | _aJURÍDICO | ||
| 650 | _aPERICIAL | ||
| 650 | _aFORENSE | ||
| 942 |
_cREF _2ddc |
||
| 999 |
_c13249 _d13249 |
||